V zastupiteľstve bude aj exriaditeľ školy či najznámejší "strihač" živých plotov nováčikovia v poslaneckých laviciach

Bibliographic Details
Main Author: Ogurčáková, Jana (Author)
Format: Article
Language:Slovak
Subjects:

MARC

LEADER 00000nab a2200000u 4500
001 vtls011830300
003 SK-MaSNL
005 20260303084135.0
008 181217|2018 xo ||||||| ||00 ||slo|
038 |a KEVKJB 
040 |a KEVKJB  |b slo  |e rda 
041 0 |a slo 
043 |a e-xo--- 
044 |a xo  |c SK 
072 7 |a 352/354  |x Stupne miestnej, oblastnej a ústrednej správy  |2 konspekt 
080 |a 342.534.1  |2 2011 
100 1 |a Ogurčáková, Jana  |4 aut  |9 835010 
245 1 0 |a V zastupiteľstve bude aj exriaditeľ školy či najznámejší "strihač" živých plotov  |b nováčikovia v poslaneckých laviciach  |c Jana Ogurčáková 
300 |b Fotografie 
336 |a text  |b txt  |2 rdacontent 
337 |a bez média  |b n  |2 rdamedia 
338 |a zväzok  |b nc  |2 rdacarrier 
610 1 7 |a Košice (Slovensko).  |b Mestské zastupiteľstvo  |2 kevkjb  |9 94952 
650 0 7 |a poslanci  |2 kevkjb  |9 1797 
651 7 |a Košice (Slovensko)  |2 kevkjb  |9 18694 
773 0 |t Košický večer  |g Roč. 51, č. 50 (2018), s. 2-3  |x 1336-5320 
852 |a KEVKJB  |b KIS3GCP 
999 |c 1794271  |d 1796201